Supply and competition in minor metals /

Bibliographic Details
Main Author: Brooks, David B., 1934-
Corporate Author: Resources for the Future
Format: Book
Language:English
Published: [©1965]
Subjects:

MARC

Tag First Indicator Second Indicator Subfields
LEADER 00000cam a2200000 4500
001 in00000068915
005 20160108111120.0
008 720204s1965 dcu b 00000 eng u
010 |a  65026178  
035 |a (OCoLC)00234303 
035 |9 AAG3898AM 
040 |c WSU  |d TXA  |d UtOrBLW 
049 |a TXAM  |c [463766] 
050 0 |a HD9506.U62  |b B7 
092 |a 338.27499  |b B873s 
100 1 |a Brooks, David B.,  |d 1934- 
245 1 0 |a Supply and competition in minor metals /  |c by David B. Brooks. 
264 2 |a Washington :  |b Resources for the Future; distributed by Johns Hopkins Press, Baltimore,  |c [1965] 
264 4 |c [©1965] 
300 |a 147 pages 
336 |a text  |b txt  |2 rdacontent 
337 |a unmediated  |b n  |2 rdamedia 
338 |a volume  |b nc  |2 rdacarrier 
504 |a Bibliographical footnotes. 
650 0 |a Mineral industries  |z United States. 
710 2 |a Resources for the Future. 
999 |a MARS 
999 f f |s e8851b4a-8ec6-3442-9451-c4e4adfc7692  |i f6a0bb8a-54ca-393e-b928-27fcdaab3c88  |t 0 
952 f f |p ric  |a Texas A&M University  |b Rellis Campus  |c Joint Library Facility  |d Remote Storage  |t 0  |e HD9506.U62 B7  |h Library of Congress classification  |i unmediated -- volume  |m A14800764033 
998 f f |a HD9506.U62 B7  |t 0  |l Remote Storage